Online Catalogue and eLibrary

The Origin and the early development of Buddhist monachism (Record no. 924)

MARC details
000 -LEADER
fixed length control field 00433nam a2200169Ia 4500
005 - DATE AND TIME OF LATEST TRANSACTION
control field 20240726043345.0
008 - FIXED-LENGTH DATA ELEMENTS--GENERAL INFORMATION
fixed length control field 240331s9999 xx 000 0 und d
020 ## - INTERNATIONAL STANDARD BOOK NUMBER
ISBN
082 ## - DDC Classification
Class No. 294.3
Item Number - Author Mark OLI
100 ## - MAIN ENTRY--PERSONAL NAME
Personal name Olivelle, P
245 #4 - TITLE STATEMENT
Title The Origin and the early development of Buddhist monachism
260 ## - PUBLICATION, DISTRIBUTION, ETC.
Place of publication, distribution, etc. Colombo
Name of publisher, distributor, etc. M.D.Gunasena & Co. Ltd
Date of publication, distribution, etc. 1974
300 ## - PHYSICAL DESCRIPTION
Extent (e.g. Volumes, Pages etc.) xiv, 86 p .,
650 ## - SUBJECT ADDED ENTRY--TOPICAL TERM
Topical term or geographic name entry element Religions
650 ## - SUBJECT ADDED ENTRY--TOPICAL TERM
Topical term or geographic name entry element Buddhist
942 ## - Koha item type (Biblio)
Koha item type Books in Stacks (Lending)
Holdings
Lost status Damaged status Collection code Home library Current library Shelving location Date acquired Full call number Accession Number Item type
    Lending WERC Library WERC Library Social Science Cupboard 03/31/2024 294.3 OLI 84 Books in Stacks (Lending)

© WERC Library